000 01564cam a22003977i 4500
001 18752249
005 20250905121643.0
008 150820s2014 enka b 001 0 eng d
010 _a 2015460792
015 _aGBB431662
_2bnb
016 7 _a016654516
_2Uk
020 _a9781107664463
020 _a1107664462
035 _a(OCoLC)ocn874118800
040 _aUKMGB
_beng
_cUKMGB
_erda
_dOCLCO
_dBDX
_dYDXCP
_dUKBRU
_dCDX
_dOCLCF
_dWAU
_dOCLCQ
_dZCU
_dNAM
_dDLC
042 _alccopycat
050 0 0 _aBL245
_b.B76 2014
082 0 4 _a201.65
_223
100 1 _aBrooke, John Hedley,
_eauthor.
245 1 0 _aScience and religion :
_bsome historical perspectives
250 _aCanto classics edition.
300 _ax, 566 pages :
_billustrations ;
_c22 cm.
490 1 _aCanto classics
500 _aOriginally published: New York: Cambridge University Press, 1991.
504 _aIncludes bibliographical references (pages 475-542) and index.
650 0 _aReligion and science
_xHistory.
650 7 _aReligion and science.
_2fast
655 7 _aHistory.
_2fast
830 0 _aCanto classics.
856 4 2 _3Contributor biographical information
_uhttp://www.loc.gov/catdir/enhancements/fy1602/2015460792-b.html
856 4 2 _3Publisher description
_uhttp://www.loc.gov/catdir/enhancements/fy1602/2015460792-d.html
856 4 1 _3Table of contents only
_uhttp://www.loc.gov/catdir/enhancements/fy1602/2015460792-t.html
906 _a7
_bcbc
_ccopycat
_d2
_encip
_f20
_gy-gencatlg
942 _2lcc
_cBK
999 _c52387
_d52387